[Event "Moscow Open A 2014"]
[Site "Moscow RUS"]
[Date "2014.02.01"]
[Round "1.1"]
[White "Shvedchikov, Anatoli I."]
[Black "Moiseenko, Alexander"]
[Result "0-1"]
[WhiteTitle "IM"]
[BlackTitle "GM"]
[WhiteElo "2353"]
[BlackElo "2710"]
[WhiteFideId "4103343"]
[BlackFideId "14102560"]
[EventDate "2014.02.01"]

1. d4 Nf6 2. Nf3 e6 3. Bf4 c5 4. c3 Nc6 5. e3 Nh5 6. Bg3 Nxg3 7. hxg3 d5 8. Nbd2
g6 9. Be2 Qb6 10. Qb3 Bg7 11. Qxb6 axb6 12. Bb5 Ke7 13. Ke2 Bd7 14. a4 h6 15.
Nb3 Kd6 16. Rhd1 f5 17. Ne1 Ra7 18. f4 Rha8 19. Nc2 Bf8 20. Nd2 Kc7 21. b3 Rc8
22. Kd3 Raa8 23. Rh1 Be8 24. Ne1 Kd8 25. Nc2 Rc7 26. Rac1 Rac8 27. Nb1 Na5 28.
Bxe8 Kxe8 29. Na1 c4+ 30. bxc4 Rxc4 31. Nd2 Rxa4 32. Rc2 b5 33. Nab3 Nc4 34. Nf3
b4 35. cxb4 Rxb4 36. Nc5 b6 0-1

[Event "Moscow Open A 2014"]
[Site "Moscow RUS"]
[Date "2014.02.01"]
[Round "1.2"]
[White "Matlakov, Maxim"]
[Black "Palachev, Petr"]
[Result "1-0"]
[WhiteTitle "GM"]
[BlackTitle "FM"]
[WhiteElo "2690"]
[BlackElo "2349"]
[WhiteFideId "4168003"]
[BlackFideId "24129003"]
[EventDate "2014.02.01"]

1. d4 Nf6 2. c4 e6 3. Nc3 d5 4. Bg5 Be7 5. e3 O-O 6. Rc1 h6 7. Bh4 c6 8. Bd3
Nbd7 9. Nf3 dxc4 10. Bxc4 b5 11. Bd3 Bb7 12. O-O Rc8 13. Qe2 b4 14. Na4 Qa5 15.
Bxf6 gxf6 16. Nc5 Nxc5 17. dxc5 Bxc5 18. Ne5 fxe5 19. Qg4+ Kh8 20. Qe4 Kg7 21.
Qxe5+ f6 22. Rxc5 Qxa2 23. Qe4 f5 24. Qxb4 1-0

[Event "Moscow Open A 2014"]
[Site "Moscow RUS"]
[Date "2014.02.01"]
[Round "1.3"]
[White "Petrov, Nikita"]
[Black "Grachev, Boris"]
[Result "0-1"]
[WhiteTitle "FM"]
[BlackTitle "GM"]
[WhiteElo "2349"]
[BlackElo "2669"]
[WhiteFideId "4101286"]
[BlackFideId "4129199"]
[EventDate "2014.02.01"]

1. d4 Nf6 2. Nf3 e6 3. e3 b6 4. Bd3 Bb7 5. O-O d5 6. b3 Bd6 7. Bb2 O-O 8. Nbd2
c5 9. Ne5 Nc6 10. f4 a5 11. Rf3 Nb4 12. Rh3 Nxd3 13. cxd3 cxd4 14. Bxd4 Bc5 15.
Ndf3 Bxd4 16. Nxd4 h6 17. g4 Nd7 18. Rh5 Nxe5 19. fxe5 g6 20. Rxh6 Qg5 21. Rh3
Qxe5 22. Qf3 Rac8 23. Rf1 Ba6 24. Qf4 Qg7 25. Qd6 Bxd3 26. Rd1 Be4 27. Qxb6 a4
28. bxa4 Rb8 29. Nc6 Qb2 30. Qxb2 Rxb2 31. Rg3 Kg7 32. Ra1 Rc8 33. Nd4 e5 34.
Nf3 Bxf3 35. Rxf3 Rcc2 36. Rd1 Rg2+ 37. Kf1 Rxh2 38. Kg1 Rbg2+ 39. Kf1 Rxa2 40.
Kg1 Rag2+ 41. Kf1 Rxg4 42. Rxd5 Rxa4 43. Kg1 Rh5 44. Rd7 Rf5 45. Rxf5 gxf5 46.
Kf2 f4 47. exf4 Rxf4+ 48. Ke3 Kg6 49. Re7 f6 0-1

[Event "Moscow Open A 2014"]
[Site "Moscow RUS"]
[Date "2014.02.01"]
[Round "1.4"]
[White "Socko, Bartosz"]
[Black "Gorozhanin, Mikhail"]
[Result "1/2-1/2"]
[WhiteTitle "GM"]
[BlackTitle "FM"]
[WhiteElo "2663"]
[BlackElo "2348"]
[WhiteFideId "1107038"]
[BlackFideId "4178262"]
[EventDate "2014.02.01"]

1. e4 e6 2. d4 d5 3. Nd2 Nf6 4. e5 Nfd7 5. Bd3 c5 6. c3 Nc6 7. Ne2 cxd4 8. cxd4
f6 9. Nf4 Qe7 10. Nf3 fxe5 11. Nxe5 Ndxe5 12. dxe5 g6 13. h4 Bd7 14. h5 g5 15.
Nh3 Bh6 16. Qe2 Qg7 17. O-O Qxe5 18. Re1 Qf6 19. Bb5 O-O 20. Qg4 Kh8 21. Bxc6
bxc6 22. Bxg5 Bxg5 23. Qxg5 h6 24. Qg3 Rg8 25. Qd6 Raf8 26. Kh2 Rg7 27. Re5 Rfg8
28. Rg1 Bc8 29. Re2 Kh7 30. g3 Qf3 31. Qe5 Rg5 32. Qc7+ R5g7 33. Qe5 Rg5 34.
Qc7+ R5g7 35. Qe5 Rg5 36. Qc7+ 1/2-1/2

[Event "Moscow Open A 2014"]
[Site "Moscow RUS"]
[Date "2014.02.01"]
[Round "1.5"]
[White "Korchmar, Vasiliy"]
[Black "Shimanov, Aleksandr"]
[Result "0-1"]
[WhiteTitle "FM"]
[BlackTitle "GM"]
[WhiteElo "2347"]
[BlackElo "2658"]
[WhiteFideId "24131750"]
[BlackFideId "4198603"]
[EventDate "2014.02.01"]

1. d4 Nf6 2. c4 g6 3. Nc3 Bg7 4. e4 O-O 5. h3 c5 6. d5 e6 7. Bd3 d6 8. Bg5 Na6
9. Nge2 h6 10. Be3 exd5 11. exd5 Nd7 12. f4 Re8 13. Bf2 Nb4 14. Bb1 Nb6 15. a3
Nxc4 16. axb4 cxb4 17. Qb3 bxc3 18. Qxc4 cxb2 19. Ra3 Bd7 20. O-O Rc8 21. Qd3
Bf5 22. Qd2 Bxb1 23. Rxb1 Rxe2 24. Qxe2 Rc1+ 25. Kh2 Rxb1 26. Rb3 b6 27. Qb5 Rc1
28. Rxb2 Bxb2 29. Qxb2 Rc4 30. Bd4 Qe7 31. Bh8 f5 0-1

[Event "Moscow Open A 2014"]
[Site "Moscow RUS"]
[Date "2014.02.01"]
[Round "1.6"]
[White "Popov, Ivan RUS"]
[Black "Demianjuk, Alexander"]
[Result "1-0"]
[WhiteTitle "GM"]
[WhiteElo "2653"]
[BlackElo "2345"]
[WhiteFideId "4170350"]
[BlackFideId "4134249"]
[EventDate "2014.02.01"]

1. e4 c5 2. Nf3 e6 3. d4 cxd4 4. Nxd4 Nc6 5. Nc3 Qc7 6. Be3 a6 7. Qd2 Nf6 8. f4
b5 9. e5 b4 10. Ncb5 axb5 11. Nxb5 Qb8 12. exf6 gxf6 13. c4 bxc3 14. bxc3 Rg8
15. Rb1 Na7 16. a4 Nxb5 17. Bxb5 Qc7 18. Bb6 Qb7 19. Rg1 Be7 20. g3 Qe4+ 21. Kf2
Bb7 22. Bxd7+ Kf8 23. Qe2 Qd5 24. Bb5 Bc5+ 25. Bxc5+ Qxc5+ 26. Qe3 Qh5 27. h4
Ba6 28. Bxa6 Rxa6 29. Rb5 Qg4 30. Qd4 e5 31. fxe5 Qxd4+ 32. cxd4 fxe5 33. Ra1
exd4 34. Rb8+ Kg7 35. Rxg8+ Kxg8 36. Ke2 Kf8 37. a5 Ke7 38. Kd3 Kd6 39. Kxd4 h5
40. Kc4 Kc7 41. Ra3 Re6 42. Kd5 Kb7 43. Rb3+ Ka7 44. Kd4 Rd6+ 45. Ke5 Rc6 46.
Rb5 Rh6 47. Kf5 Rg6 48. Kf4 Rh6 49. Rf5 Ka6 50. Rxf7 Kxa5 51. Kg5 Rh8 52. Rf5+
Kb6 53. Kf6 Rf8+ 54. Ke6 Re8+ 55. Kf7 Re3 56. Rg5 1-0

[Event "Moscow Open A 2014"]
[Site "Moscow RUS"]
[Date "2014.02.01"]
[Round "1.7"]
[White "Ortega Ruiz, Jose Miguel"]
[Black "Bartel, Mateusz"]
[Result "0-1"]
[WhiteTitle "FM"]
[BlackTitle "GM"]
[WhiteElo "2344"]
[BlackElo "2651"]
[WhiteFideId "2209713"]
[BlackFideId "1112635"]
[EventDate "2014.02.01"]

1. d4 f5 2. g3 Nf6 3. Bg2 g6 4. c3 Bg7 5. h4 Nc6 6. Nh3 d5 7. Nf4 Ne4 8. h5 g5
9. h6 Bf6 10. Nh5 Qd6 11. Na3 a6 12. Be3 Rg8 13. Qa4 Rb8 14. c4 Bd7 15. cxd5 Nb4
16. Qb3 b5 17. Rc1 Nxd5 18. Bxe4 fxe4 19. Nc4 bxc4 20. Qxb8+ Kf7 21. Qb7 Bc8 22.
Qa8 Be6 23. Qb7 Nxe3 24. fxe3 Bd5 25. Qa7 Ra8 26. Qc5 Qxc5 27. dxc5 Bxb2 28. Rc2
c3 29. O-O+ Ke6 30. Ng7+ Kd7 31. Nf5 Bxa2 32. Rfc1 Bd5 33. Rxc3 Bxc1 34. Rxc1 a5
35. Nd4 c6 0-1

[Event "Moscow Open A 2014"]
[Site "Moscow RUS"]
[Date "2014.02.01"]
[Round "1.8"]
[White "Khairullin, Ildar"]
[Black "Okara, Andrey"]
[Result "1-0"]
[WhiteTitle "GM"]
[BlackTitle "IM"]
[WhiteElo "2651"]
[BlackElo "2343"]
[WhiteFideId "4151348"]
[BlackFideId "4181360"]
[EventDate "2014.02.01"]

1. d4 Nf6 2. c4 g6 3. Nc3 Bg7 4. e4 d6 5. Nf3 O-O 6. h3 a6 7. Be3 b5 8. cxb5 Bb7
9. Nd2 d5 10. e5 Ne4 11. Ndxe4 dxe4 12. Qb3 axb5 13. Bxb5 Nc6 14. Rd1 Na5 15.
Qb4 f5 16. Bg5 Kf7 17. Bc4+ Ke8 18. h4 h6 19. Bf4 Nxc4 20. Qxb7 Na5 21. Qb5+ c6
22. Qa4 Qc8 23. Nd5 Qb7 24. e6 Kd8 25. Bc7+ Kc8 26. Bxa5 cxd5 27. Rh3 1-0

[Event "Moscow Open A 2014"]
[Site "Moscow RUS"]
[Date "2014.02.01"]
[Round "1.9"]
[White "Khanin, Semen"]
[Black "Najer, Evgeniy"]
[Result "0-1"]
[BlackTitle "GM"]
[WhiteElo "2340"]
[BlackElo "2646"]
[WhiteFideId "4111990"]
[BlackFideId "4118987"]
[EventDate "2014.02.01"]

1. e4 e5 2. Nf3 Nc6 3. Bb5 a6 4. Ba4 Nge7 5. O-O g6 6. c3 Bg7 7. d4 exd4 8. cxd4
b5 9. Bc2 O-O 10. Nc3 d6 11. d5 Na5 12. Nd4 Bb7 13. Bf4 Nc4 14. b3 Na3 15. Rc1
Qd7 16. Qd2 Rfe8 17. Bd1 b4 18. Na4 a5 19. Be3 Ba6 20. Re1 Rab8 21. h3 h5 22.
Be2 Bxe2 23. Rxe2 Rec8 24. Bf4 Nb5 25. Nxb5 Rxb5 26. Qd3 f5 27. f3 Kh7 28. Rec2
fxe4 29. fxe4 Rbb8 30. Kh1 Ra8 31. Rc4 Ra7 32. Be3 Rb7 33. Rc6 Rbb8 34. Ra6 Ra8
35. Rxa8 Rxa8 36. Qc4 Re8 37. Qxc7 Qxc7 38. Rxc7 Nxd5 39. exd5 Rxe3 40. Nb6 Kh6
41. Rc1 Rd3 42. Nc4 Rxd5 43. Re1 h4 44. Re4 Kh5 45. g3 hxg3 46. Kg2 Be5 47. Nxe5
Rxe5 48. Rd4 Re2+ 49. Kxg3 Rxa2 50. Rxd6 Ra3 51. Rd5+ g5 52. Kg2 Rxb3 53. Rxa5
Kh4 54. Rb5 Rg3+ 55. Kf2 b3 56. Rb8 Kxh3 57. Rh8+ Kg4 58. Rb8 Rc3 59. Rb4+ Kh3
60. Rb5 Kh4 0-1

[Event "Moscow Open A 2014"]
[Site "Moscow RUS"]
[Date "2014.02.01"]
[Round "1.10"]
[White "Kovalenko, Igor"]
[Black "Shahinyan, David"]
[Result "0-1"]
[WhiteTitle "GM"]
[BlackTitle "FM"]
[WhiteElo "2642"]
[BlackElo "2339"]
[WhiteFideId "14117908"]
[BlackFideId "13304380"]
[EventDate "2014.02.01"]

1. d4 d5 2. c4 c6 3. Nf3 Nf6 4. Nc3 a6 5. cxd5 cxd5 6. Bf4 Nc6 7. Rc1 Bf5 8. e3
e6 9. Qb3 Ra7 10. Ne5 Nxe5 11. dxe5 Nd7 12. e4 dxe4 13. Be3 Bc5 14. Nb5 axb5 15.
Rxc5 O-O 16. Rxb5 Ra5 17. Bd4 Qa8 18. Bc4 Rc8 19. O-O Ra4 20. Rb4 Ra5 21. Bb5
Nc5 22. Bxc5 Rxc5 23. a4 Qb8 24. Rd1 h6 25. Be2 Qxe5 26. Rxb7 Rd5 27. Bb5 e3 28.
Rxd5 exf2+ 29. Kxf2 exd5 30. Qc3 d4 31. Qg3 Qf6 32. Qf4 d3 33. Bc4 Rxa4 34. b4
g5 35. Rb8+ Kg7 36. Qf3 Qd4+ 37. Qe3 Qh4+ 38. Qg3 Qd4+ 39. Qe3 Qb2+ 40. Kg3 d2
41. Rg8+ Kh7 42. Rd8 Ra3 43. Bd3 d1=Q 44. Bxf5+ Kg7 0-1

[Event "Moscow Open A 2014"]
[Site "Moscow RUS"]
[Date "2014.02.01"]
[Round "1.11"]
[White "Tregubov, Andrei"]
[Black "Krasenkow, Michal"]
[Result "0-1"]
[BlackTitle "GM"]
[WhiteElo "2333"]
[BlackElo "2638"]
[WhiteFideId "4114965"]
[BlackFideId "1113100"]
[EventDate "2014.02.01"]

1. e4 d6 2. d4 Nf6 3. Nc3 c6 4. Nf3 Bg4 5. Be2 e6 6. d5 Bxf3 7. Bxf3 cxd5 8.
exd5 e5 9. a4 Be7 10. O-O O-O 11. g3 Nbd7 12. a5 a6 13. Bd2 Rc8 14. Qe2 Re8 15.
Rfc1 Bf8 16. Ne4 Nxe4 17. Bxe4 g6 18. b4 f5 19. Bg2 e4 20. c4 Ne5 21. Ra3 Bg7
22. Be3 Qd7 23. Bf4 Rc7 24. Bxe5 Bxe5 25. Rc2 Bd4 26. Qd2 Qg7 27. Bf1 Rce7 28.
Kg2 e3 29. fxe3 Rxe3 30. Rxe3 Rxe3 31. Be2 Qe5 32. Bd3 f4 33. Rc1 f3+ 34. Kf1
Qh5 35. Bf5 gxf5 36. Qxd4 Qh3+ 37. Kf2 Re2+ 0-1

[Event "Moscow Open A 2014"]
[Site "Moscow RUS"]
[Date "2014.02.01"]
[Round "1.12"]
[White "Swiercz, Dariusz"]
[Black "Semiev, Suhrab"]
[Result "1-0"]
[WhiteTitle "GM"]
[BlackTitle "IM"]
[WhiteElo "2630"]
[BlackElo "2331"]
[WhiteFideId "1126881"]
[BlackFideId "14000865"]
[EventDate "2014.02.01"]

1. e4 g6 2. d4 Bg7 3. Nf3 d6 4. Bc4 c6 5. Bb3 Nf6 6. Nc3 O-O 7. O-O Qc7 8. e5
dxe5 9. Nxe5 Nbd7 10. Bf4 Nh5 11. Nxd7 Qxd7 12. Be3 Nf6 13. h3 b6 14. Re1 e6 15.
a4 Rd8 16. a5 Bb7 17. a6 Bc8 18. Qf3 Nd5 19. Bg5 Rf8 20. Ne4 f5 21. Nc3 h6 22.
Rxe6 Kh7 23. Nxd5 cxd5 24. Re7 Qb5 25. Bf4 Qb4 26. Rxg7+ Kxg7 27. Be5+ Kh7 28.
Qxd5 1-0

[Event "Moscow Open A 2014"]
[Site "Moscow RUS"]
[Date "2014.02.01"]
[Round "1.13"]
[White "Bublei, Pavel"]
[Black "Kokarev, Dmitry"]
[Result "0-1"]
[WhiteTitle "FM"]
[BlackTitle "GM"]
[WhiteElo "2325"]
[BlackElo "2628"]
[WhiteFideId "24112593"]
[BlackFideId "4132181"]
[EventDate "2014.02.01"]

1. d4 g6 2. e4 Bg7 3. Nc3 d6 4. Be3 a6 5. Qd2 b5 6. Bd3 Nd7 7. a4 b4 8. Nce2 c5
9. Nf3 Ngf6 10. Bh6 Bxh6 11. Qxh6 cxd4 12. Nexd4 Bb7 13. O-O e5 14. Nb3 Nxe4 15.
Rad1 Qb6 16. a5 Qc7 17. Bxe4 Bxe4 18. Ng5 Bxc2 19. Rc1 Qc4 20. Nd2 Qd3 21. Nde4
Ke7 22. Rfe1 Rac8 23. Qg7 Rhf8 24. Nxh7 b3 25. Nef6 Qf5 26. Nxd7 Rg8 27. Qf6+
Kxd7 28. Qxf5+ gxf5 29. Nf6+ Ke6 30. Nxg8 Rxg8 31. f3 d5 32. Kf2 d4 33. Rg1 e4
34. g4 e3+ 35. Ke2 f4 36. Rxc2 bxc2 37. Kd3 Rh8 0-1

[Event "Moscow Open A 2014"]
[Site "Moscow RUS"]
[Date "2014.02.01"]
[Round "1.14"]
[White "Volkov, Sergey"]
[Black "Faizrakhmanov, Ramil"]
[Result "1-0"]
[WhiteTitle "GM"]
[BlackTitle "FM"]
[WhiteElo "2627"]
[BlackElo "2323"]
[WhiteFideId "4122763"]
[BlackFideId "24103209"]
[EventDate "2014.02.01"]

1. d4 d5 2. c4 e6 3. Nc3 Be7 4. cxd5 exd5 5. Bf4 Nf6 6. e3 O-O 7. Bd3 c5 8. dxc5
Bxc5 9. Nge2 Nc6 10. O-O a6 11. Rc1 Ba7 12. Bg5 h6 13. Bxf6 Qxf6 14. Nxd5 Qxb2
15. Nec3 Kh8 16. Qa4 b5 17. Qe4 f5 18. Qh4 Bd7 19. Rfd1 Qa3 20. Rc2 Ne5 21. Rcd2
Rac8 22. Ne2 Be6 23. Ndf4 Bc4 24. Bxc4 Rxc4 25. Rd5 Bb8 26. Qh5 Kh7 27. Ne6 Ng4
28. Rd8 Nf6 29. Nxf8+ 1-0

[Event "Moscow Open A 2014"]
[Site "Moscow RUS"]
[Date "2014.02.01"]
[Round "1.15"]
[White "Randazzo, Adrian"]
[Black "Demchenko, Anton"]
[Result "0-1"]
[WhiteTitle "FM"]
[BlackTitle "GM"]
[WhiteElo "2314"]
[BlackElo "2617"]
[WhiteFideId "114251"]
[BlackFideId "4160258"]
[EventDate "2014.02.01"]

1. e4 c5 2. Nf3 e6 3. d3 Nc6 4. g3 g6 5. d4 cxd4 6. Nxd4 Bg7 7. Nxc6 bxc6 8. Bg2
Ba6 9. c3 Ne7 10. Be3 O-O 11. Na3 Qa5 12. Bd4 e5 13. Be3 d5 14. Nc2 dxe4 15. Nb4
Rfd8 16. Qc1 Bb5 17. Bxe4 f5 18. Bg5 fxe4 19. Bxe7 Rd7 20. Bc5 Rad8 21. Qe3 Rd2
22. Qxd2 Rxd2 23. Kxd2 Bh6+ 24. Ke1 Bc4 25. Be3 Bxe3 26. fxe3 Qb6 27. Kd2 c5 28.
b3 cxb4 29. bxc4 Qd6+ 30. Kc2 Qd3+ 31. Kb3 Qxc3+ 32. Ka4 a6 33. Ka5 Qxc4 34. Kb6
Qb5+ 35. Kc7 Qc5+ 36. Kb7 a5 37. Rhe1 Kg7 38. Ka6 a4 39. Rac1 Qd5 40. Ra1 Qd2
41. Kb5 b3 42. axb3 axb3 43. g4 b2 44. Rad1 Qxh2 45. g5 Kf7 46. Kc6 Ke6 47. Kc7
Qc2+ 48. Kd8 Qb3 49. Kc8 Qc3+ 50. Kd8 Qb4 51. Kc8 Qc5+ 52. Kb7 Kf5 0-1

[Event "Moscow Open A 2014"]
[Site "Moscow RUS"]
[Date "2014.02.02"]
[Round "2.1"]
[White "Moiseenko, Alexander"]
[Black "Smirnov, Alexey"]
[Result "1-0"]
[WhiteTitle "GM"]
[WhiteElo "2710"]
[BlackElo "2428"]
[WhiteFideId "14102560"]
[BlackFideId "4168437"]
[EventDate "2014.02.01"]

1. d4 Nf6 2. c4 e6 3. Nf3 b6 4. g3 Ba6 5. Qb3 Nc6 6. Nbd2 Bb7 7. e4 Na5 8. Qc2
Bb4 9. Bd3 O-O 10. O-O h6 11. a3 Bxd2 12. Bxd2 Nc6 13. d5 Ne7 14. Bc3 Ne8 15.
Rad1 d6 16. Nh4 c6 17. dxe6 fxe6 18. Qe2 Qc7 19. e5 d5 20. Qg4 c5 21. Qxe6+ Rf7
22. Bh7+ Kf8 23. Ng6+ Nxg6 24. Bxg6 d4 25. Qxf7+ Qxf7 26. Bxf7 Kxf7 27. f4 Ba6
28. Bxd4 Bxc4 29. Bc3 Bxf1 30. Kxf1 Ke6 31. g4 g6 32. Ke2 h5 33. gxh5 gxh5 34.
Kf3 Ng7 35. Rd6+ Ke7 36. Ke4 Rf8 37. Rf6 Rd8 38. f5 Rd1 39. Rd6 1-0

[Event "Moscow Open A 2014"]
[Site "Moscow RUS"]
[Date "2014.02.02"]
[Round "2.2"]
[White "Nozdrachev, Leonid"]
[Black "Matlakov, Maxim"]
[Result "0-1"]
[WhiteTitle "FM"]
[BlackTitle "GM"]
[WhiteElo "2434"]
[BlackElo "2690"]
[WhiteFideId "24113433"]
[BlackFideId "4168003"]
[EventDate "2014.02.01"]

1. e4 e5 2. Nf3 Nc6 3. Bc4 Bc5 4. c3 Nf6 5. d4 exd4 6. e5 d5 7. Bb5 Ne4 8. cxd4
Bb6 9. Nc3 O-O 10. Be3 Bg4 11. Qc2 Bf5 12. Qb3 Na5 13. Qa4 c6 14. Be2 Nxc3 15.
bxc3 Bc7 16. Bg5 Qd7 17. O-O h6 18. Bh4 b5 19. Qd1 Nc4 20. Ne1 c5 21. Nd3 cxd4
22. cxd4 Ba5 23. Nc5 Qc6 24. Bd3 Nb2 25. Qf3 Nxd3 26. Qxf5 Nxc5 27. dxc5 Bc3 28.
Rad1 Rfe8 29. Qf3 Qxc5 30. Rxd5 Qc4 31. a3 a5 32. Qd3 Bxe5 33. Qxc4 bxc4 34. Rc5
Rac8 35. Be7 Bb2 36. Bd6 c3 0-1

[Event "Moscow Open A 2014"]
[Site "Moscow RUS"]
[Date "2014.02.02"]
[Round "2.3"]
[White "Grachev, Boris"]
[Black "Iljiushenok, Ilia"]
[Result "1-0"]
[WhiteTitle "GM"]
[WhiteElo "2669"]
[BlackElo "2426"]
[WhiteFideId "4129199"]
[BlackFideId "24105074"]
[EventDate "2014.02.01"]

1. d4 d5 2. c4 e5 3. dxe5 d4 4. Nf3 Nc6 5. g3 Nge7 6. Bg2 Ng6 7. Bg5 Qd7 8. O-O
Ngxe5 9. Nxe5 Nxe5 10. Qb3 c6 11. e3 h6 12. exd4 hxg5 13. Qe3 Bd6 14. dxe5 Be7
15. Nd2 Qg4 16. Rfd1 Qh5 17. Nf1 O-O 18. Nd2 Rd8 19. f3 Be6 20. Bf1 Qg6 21. Ne4
Bf5 22. Bd3 g4 23. Nf2 gxf3 24. Qxf3 Bxd3 25. Nxd3 Rd4 26. Nf4 Qe4 27. Qxe4 Rxe4
28. Rd7 Rxe5 29. Nd3 Re2 30. Re1 Rxe1+ 31. Nxe1 Bf6 32. Rxb7 Rd8 33. Nf3 Rd1+
34. Kf2 Rc1 35. Rxa7 Bxb2 36. Rc7 Rxc4 37. Ng5 Kf8 38. Rxf7+ Ke8 39. Rb7 Rc2+
40. Kf3 Rxh2 41. a4 Bf6 42. Ne6 Ra2 43. Ra7 g6 44. g4 Ra1 45. Nf4 Bd4 46. Ra8+
Kf7 47. Ke4 Bg1 48. Nd3 Kf6 49. Ra5 c5 50. Ra6+ Kg5 51. Ne5 Re1+ 52. Kd5 Rd1+
53. Kc4 Rc1+ 54. Kb3 Kh6 55. Rxg6+ Kh7 56. Re6 Bd4 57. a5 Rc3+ 58. Ka4 c4 59.
Kb5 Re3 60. Re7+ Kg8 61. Nc6 c3 62. Rc7 Bf6 63. a6 Re1 64. a7 Rb1+ 65. Nb4 Ra1
66. Na6 1-0

[Event "Moscow Open A 2014"]
[Site "Moscow RUS"]
[Date "2014.02.02"]
[Round "2.4"]
[White "Shimanov, Aleksandr"]
[Black "Simonian, Tigran"]
[Result "0-1"]
[WhiteTitle "GM"]
[BlackTitle "IM"]
[WhiteElo "2658"]
[BlackElo "2421"]
[WhiteFideId "4198603"]
[BlackFideId "13303597"]
[EventDate "2014.02.01"]

1. Nf3 d5 2. g3 Nf6 3. Bg2 c6 4. c4 Bg4 5. Ne5 Bf5 6. Qb3 Qc7 7. d4 e6 8. Nc3
Nbd7 9. Nxd7 Qxd7 10. O-O Be7 11. Bf4 O-O 12. a4 a5 13. c5 h6 14. Rad1 Rfe8 15.
f3 Qc8 16. e4 Bg6 17. Rfe1 Bd8 18. Bh3 Bc7 19. Bd6 Qb8 20. Bf1 Bxd6 21. cxd6
Qxd6 22. e5 Qb4 23. Qxb4 axb4 24. Nb5 cxb5 25. Bxb5 Rec8 26. exf6 Rc2 27. Re2
Rxe2 28. Bxe2 Rxa4 29. fxg7 Bc2 30. Rd2 b3 31. Bd3 Rc4 32. Kf2 Bxd3 33. Rxd3
Rc2+ 34. Ke3 Rxb2 35. Rc3 Kxg7 36. h4 h5 37. Kf4 Kg6 38. Rc7 Re2 39. Rxb7 f6 40.
Rb6 b2 41. g4 Rd2 42. Ke3 Rh2 43. Kf4 Re2 44. g5 Rh2 45. gxf6 Kxf6 46. Ke3 Kf5
47. Rb5 e5 48. dxe5 Kxe5 49. f4+ Kd6 50. Kd4 Ke6 51. Ke3 Kd6 52. Rb8 Kc7 53. Rb4
Kc6 54. f5 Rh3+ 55. Kd2 Rxh4 56. Rb8 Rh2+ 57. Kc3 Kd6 58. f6 Ke6 59. Rb6+ Kf7
60. Kd4 Re2 61. Kd3 Rg2 62. Kd4 h4 63. Ke5 Kg6 0-1

[Event "Moscow Open A 2014"]
[Site "Moscow RUS"]
[Date "2014.02.02"]
[Round "2.5"]
[White "Krapivin, Alexander"]
[Black "Popov, Ivan RUS"]
[Result "0-1"]
[WhiteTitle "GM"]
[BlackTitle "GM"]
[WhiteElo "2430"]
[BlackElo "2653"]
[WhiteFideId "4154720"]
[BlackFideId "4170350"]
[EventDate "2014.02.01"]

1. e4 c5 2. Nc3 Nc6 3. g3 g6 4. Bg2 Bg7 5. d3 d6 6. Nge2 Rb8 7. O-O b5 8. a3 Nf6
9. d4 cxd4 10. Nxd4 Nxd4 11. Qxd4 a5 12. Qa7 Bd7 13. e5 dxe5 14. Be3 O-O 15.
Rad1 Qc8 16. Qxa5 Bh3 17. Bxh3 Qxh3 18. f3 Rfc8 19. Rf2 e4 20. Nxe4 Nxe4 21.
fxe4 Bxb2 22. Qb4 Bf6 23. e5 Rc4 24. Qa5 Bxe5 25. Rd8+ Kg7 26. Rxb8 Bxb8 27.
Qxb5 Qe6 28. Qxb8 Qxe3 29. Qb3 Qc5 30. a4 f6 31. Qb5 Qd4 32. Qb7 Kf7 33. Kg2 Rb4
34. Qc6 Rxa4 35. Re2 Qc4 36. Qf3 Ra5 37. Qd3 Qc6+ 38. Qf3 Qxf3+ 39. Kxf3 Rf5+
40. Kg2 Rc5 41. Kf2 e5 42. Ke3 Ke6 43. Kd3 Kd5 44. Re1 Ra5 45. Rb1 Ra3+ 46. Kd2
Ke4 47. Ke2 Re3+ 48. Kd2 f5 49. Rc1 Ra3 50. Re1+ Kd4 51. Rb1 Rf3 52. Ke2 Rc3 53.
Kd2 e4 54. Rb4+ Rc4 55. Rb3 e3+ 0-1

[Event "Moscow Open A 2014"]
[Site "Moscow RUS"]
[Date "2014.02.02"]
[Round "2.6"]
[White "Bartel, Mateusz"]
[Black "Arslanov, Shamil"]
[Result "1-0"]
[WhiteTitle "GM"]
[BlackTitle "IM"]
[WhiteElo "2651"]
[BlackElo "2396"]
[WhiteFideId "1112635"]
[BlackFideId "4192826"]
[EventDate "2014.02.01"]

1. e4 e5 2. Nf3 Nc6 3. Bb5 Nf6 4. d3 Bc5 5. Nbd2 d6 6. Bxc6+ bxc6 7. O-O O-O 8.
h3 h6 9. Re1 Re8 10. Nf1 d5 11. Qe2 dxe4 12. dxe4 a5 13. Rd1 Ba6 14. Qe1 Qb8 15.
Ng3 Qb4 16. b3 Qxe1+ 17. Rxe1 Bb4 18. Rd1 Bc3 19. Rb1 c5 20. Bd2 Bxd2 21. Nxd2
g6 22. f3 Red8 23. Ndf1 Bxf1 24. Nxf1 Rxd1 25. Rxd1 a4 26. Rd2 Kf8 27. Ne3 Ke7
28. Kf2 h5 29. Nd5+ Nxd5 30. Rxd5 axb3 31. axb3 c4 32. Rxe5+ Kf6 33. Rc5 cxb3
34. cxb3 Ra3 35. Rc6+ Kg7 36. Rc3 c5 37. Re3 Kf6 38. f4 Ke6 39. Kf3 Kf6 40. g4
hxg4+ 41. hxg4 Ra1 42. e5+ Ke6 43. Ke4 Rf1 44. Re2 Rd1 45. f5+ gxf5+ 46. gxf5+
Ke7 47. Ra2 Rd4+ 48. Ke3 Rb4 49. Ra7+ Ke8 50. Rc7 Rxb3+ 51. Kf4 Rb4+ 52. Kg5 Rb6
53. Rxc5 Ra6 54. Rb5 Rc6 55. Rb8+ Ke7 56. e6 Rc7 57. Rh8 Rb7 58. exf7 1-0

[Event "Moscow Open A 2014"]
[Site "Moscow RUS"]
[Date "2014.02.02"]
[Round "2.7"]
[White "Golichenko, Ilija"]
[Black "Khairullin, Ildar"]
[Result "0-1"]
[WhiteTitle "IM"]
[BlackTitle "GM"]
[WhiteElo "2426"]
[BlackElo "2651"]
[WhiteFideId "14117223"]
[BlackFideId "4151348"]
[EventDate "2014.02.01"]

1. d4 d6 2. Nf3 Nf6 3. c4 g6 4. Nc3 Bf5 5. g3 Bg7 6. Bg2 Ne4 7. Nh4 Nxc3 8. bxc3
Bc8 9. O-O O-O 10. f4 Nc6 11. f5 e5 12. d5 Nb8 13. e4 Nd7 14. Qe1 b6 15. g4 Ba6
16. g5 Bxc4 17. Rf3 Re8 18. Rh3 Rc8 19. f6 Nxf6 20. gxf6 Bxf6 21. Qg3 c6 22. Nf3
Be2 23. Ng5 h5 24. Bf3 Bxf3 25. Nxf3 cxd5 26. Ng5 Bg7 27. exd5 e4 28. Be3 Rxc3
29. Rf1 Re7 30. Qf4 Qd7 31. Kh1 Rd3 32. Rg1 Rxd5 33. Rxh5 gxh5 34. Nxe4 Rf5 35.
Rxg7+ Kxg7 36. Qh6+ Kg8 37. Bd4 Ree5 0-1

[Event "Moscow Open A 2014"]
[Site "Moscow RUS"]
[Date "2014.02.02"]
[Round "2.8"]
[White "Najer, Evgeniy"]
[Black "Kozionov, Kirill"]
[Result "0-1"]
[WhiteTitle "GM"]
[BlackTitle "FM"]
[WhiteElo "2646"]
[BlackElo "2392"]
[WhiteFideId "4118987"]
[BlackFideId "24101729"]
[EventDate "2014.02.01"]

1. d4 d5 2. c4 c6 3. Nc3 Nf6 4. e3 Bf5 5. Nf3 e6 6. Nh4 Bg6 7. Nxg6 hxg6 8. g3
Nbd7 9. Bg2 dxc4 10. O-O Be7 11. Qe2 Nb6 12. Rd1 Qc7 13. a4 a5 14. e4 e5 15. Be3
Nfd7 16. dxe5 Nxe5 17. f4 Nd3 18. e5 Rd8 19. e6 Nd5 20. Nxd5 cxd5 21. Rxd3 cxd3
22. Qxd3 Qc4 23. Qxc4 dxc4 24. exf7+ Kxf7 25. Rc1 Bb4 26. Rxc4 Rd1+ 27. Kf2 Rxh2
28. Rc7+ Kg8 29. Rxb7 Rd3 30. Rb8+ Kh7 31. Bc1 Bc5+ 32. Ke2 Rxg3 0-1